Le marché de Noël (mort subite) - Statistiques

Statistiques générales
  • Ce quiz a été pris 120 fois
  • Le résultat moyen est 9 sur 12
Answers on the Grid
Answers color-coded by a green-red scale on the quiz's grid according to % correct below.
Noix de Saint-jacques
Champagne
Morue
Saumon fumé
Petit Jésus
Dinde
Dates
Chapon
Fougasse
Foie gras
Marrons
Huitres
Morbiflette
Bûche
Pièce démontée
Sucre d'orge
 
Statistiques - réponses
Réponse % Correct
Saumon fumé
90%
Bûche
88%
Marrons
85%
Foie gras
84%
Huitres
83%
Sucre d'orge
81%
Dinde
79%
Champagne
78%
Chapon
73%
Noix de Saint-jacques
71%
Petit Jésus
49%
Fougasse
27%
Aucun quiz correspondant
Distribution des résultats
% des personnes avec chaque résultat
Percentile par nombre de réponses
Votre historique - résultats
Vous n’avez pas pris ce quiz